Základní ukazovatele vývoje ekonomiky České republiky v letech 2001
Príloha časopisu Statistika č. 7/2001 uvádza základné ukazovatele vývoja ekonomiky Českej republiky za určité obdobie roku 2001 a porovnanie zo štvrťrokmi roku 2000.
Na minha lista:
| Autor principal: | |
|---|---|
| Formato: | Capítulo de Livro |
| Idioma: | tcheco |
| Assuntos: | |
| Tags: |
Sem tags, seja o primeiro a adicionar uma tag!
|
MARC
| LEADER | 00000naa a2200000 4500 | ||
|---|---|---|---|
| 001 | r042301 | ||
| 005 | 20231002093752.0 | ||
| 041 | 0 | |a cze | |
| 044 | |a CZ | ||
| 245 | 1 | 0 | |a Základní ukazovatele vývoje ekonomiky České republiky v letech 2001 |c Marcela Gregorová |
| 520 | |a Príloha časopisu Statistika č. 7/2001 uvádza základné ukazovatele vývoja ekonomiky Českej republiky za určité obdobie roku 2001 a porovnanie zo štvrťrokmi roku 2000. | ||
| 610 | 2 | 0 | |a údaje štatistické |
| 610 | 2 | 0 | |a ukazovatele makroekonomické |
| 610 | 2 | 0 | |a hospodárstvo národné |
| 610 | 2 | 0 | |a vývoj hospodársky |
| 610 | 2 | 0 | |a Česko |
| 610 | 2 | 0 | |a produkt domáci hrubý |
| 610 | 2 | 0 | |a príjmy rozpočtu štátneho |
| 610 | 2 | 0 | |a výdavky rozpočtu štátneho |
| 610 | 2 | 0 | |a zamestnanosť |
| 610 | 2 | 0 | |a ceny |
| 610 | 2 | 0 | |a dovoz |
| 610 | 2 | 0 | |a vývoz |
| 100 | 1 | |a Gregorová, Marcela | |